Les meilleurs buteurs de l'histoire du RC Lens - Statistiques

Statistiques générales
  • Ce quiz a été pris 23 fois
  • Le résultat moyen est 2 sur 10
Statistiques - réponses
Buts Nationalité Joueur % Correct
118 Algerie Ahmed Oudjani
77%
53 France Daniel Moreira
45%
79 France Georges Lech
18%
59 France Philippe Vercruysse
18%
105 France Maryan Wisniewski
9%
66 Suède Egon Jönsson
5%
56 France Farès Bousdira
5%
61 France Michel Lafranceschina
5%
68 France Jean Deloffre
0%
63 France Michel Stievenard
0%
Aucun quiz correspondant
Distribution des résultats
% des personnes avec chaque résultat
Percentile par nombre de réponses
Votre historique - résultats
Vous n’avez pas pris ce quiz